| 000 | 00361nam a22001337a 4500 | ||
|---|---|---|---|
| 005 | 20141126130822.0 | ||
| 008 | 141126b xxu||||| |||| 00| 0 eng d | ||
| 050 |
_aBS1255.3 _bR129 2008 |
||
| 100 |
_aRadner, Ephraim _912873 |
||
| 245 |
_aLeviticus _cRadner, Ephraim |
||
| 260 |
_aLondon _bSCM Press _c2008 |
||
| 300 |
_a320p.; _c24cm. |
||
| 942 |
_2lcc _cMONOGRAPH |
||
| 999 |
_c121321 _d121321 |
||